| 000 | 00402nam a2200169Ia 4500 | ||
|---|---|---|---|
| 008 | 110201s9999 xx 000 0 und d | ||
| 082 |
_bB9410 _aBAL 2251 |
||
| 100 | _aJaiswal Rashmi | ||
| 245 | _aPanchatantra | ||
| 260 | _bAlka Publication Mumbai | ||
| 365 | _b30 | ||
| 600 | _aJaiswal Rashmi | ||
| 630 | _aPanchatantra | ||
| 700 | _aJaiswal Rashmi | ||
| 730 | _aPanchatantra | ||
| 942 | _cBOOK | ||
| 999 |
_c834849 _d834846 |
||